ՀՀ Գիտությունների ազգային ակադեմիայի հիմնարար գիտական գրադարան  =   Fundamental Scientific Library of NAS RA
Normal view MARC view

Entry Personal Name

Number of records used in: 3

001 - CONTROL NUMBER

  • control field: 2756

003 - CONTROL NUMBER IDENTIFIER

  • control field: AM-YEHGA

005 - DATE AND TIME OF LATEST TRANSACTION

  • control field: 20250617070438.0

008 - FIXED-LENGTH DATA ELEMENTS

  • fixed length control field: 060318 a|ac|n|aab||||||||||||a |n|||||||

040 ## - CATALOGING SOURCE

  • Original cataloging agency: AM-YEHGA

100 1# - HEADING--PERSONAL NAME

  • Personal name: Շողենց, Ցական Պետրոսի,
  • Dates associated with a name: 1909-1969

400 1# - SEE FROM TRACING--PERSONAL NAME

  • Personal name: Շողենց, Ց.Պ.
  • Fuller form of name: (Ցական Պետրոսի),
  • Dates associated with a name: 1909-1969

400 1# - SEE FROM TRACING--PERSONAL NAME

  • Personal name: Շողենց, Ցական,
  • Dates associated with a name: 1909-1969

400 1# - SEE FROM TRACING--PERSONAL NAME

  • Personal name: Շողենց, Ց.
  • Fuller form of name: (Ցական),
  • Dates associated with a name: 1909-1969

400 0# - SEE FROM TRACING--PERSONAL NAME

  • Personal name: Ցական Շողենց,
  • Dates associated with a name: 1909-1969

400 1# - SEE FROM TRACING--PERSONAL NAME

  • Control subfield: a
  • Personal name: Ցականյան, Ցական Պետրոսի,
  • Dates associated with a name: 1909-1969

400 1# - SEE FROM TRACING--PERSONAL NAME

  • Personal name: Ցականյան, Ցական Պետրոսի,
  • Dates associated with a name: 1909-1969

400 1# - SEE FROM TRACING--PERSONAL NAME

  • Personal name: Ցականյան, Ց.Պ.
  • Fuller form of name: (Ցական Պետրոսի),
  • Dates associated with a name: 1909-1969

400 1# - SEE FROM TRACING--PERSONAL NAME

  • Personal name: Ցականյան, Ցական,
  • Dates associated with a name: 1909-1969

400 1# - SEE FROM TRACING--PERSONAL NAME

  • Personal name: Ցականյան, Ց.
  • Fuller form of name: (Ցական),
  • Dates associated with a name: 1909-1969

400 1# - SEE FROM TRACING--PERSONAL NAME

  • Personal name: Шогенц, Цакан Петросович,
  • Dates associated with a name: 1909-1969

400 1# - SEE FROM TRACING--PERSONAL NAME

  • Personal name: Shoghents, Tsakan Petrosi,
  • Dates associated with a name: 1909-1969

670 ## - SOURCE DATA FOUND

  • Source citation: Խաչատրյան Հ.Հ. Գրական տեղեկատու, 1986 :
  • Information found: (Շողենց (Ցականյան) Ցական Պետրոսի (25.5.1909, Բաքու - 21.4.1969, Երևան), արձակագիր, բանաստեղծ, թանրգմանիչ, լրագրող, ՍՍՀՄ գրող. միութ. անդամ 1946-ից)

670 ## - SOURCE DATA FOUND

  • Source citation: Գարնանային, 1929 :
  • Information found: տիտղթ. (Ց. Ցականյան)

670 ## - SOURCE DATA FOUND

  • Source citation: Հայրենի լեռներում, 1945 :
  • Information found: տիտղթ. (Ցական Շողենց); (Շողենց, Ցական)

670 ## - SOURCE DATA FOUND

  • Source citation: Առաջին գարուն, 1961 :
  • Information found: տիտղթ. (Ա. Ավդալ; Խմբ.՝ Ց.Պ. Շողենց)

670 ## - SOURCE DATA FOUND

  • Source citation: Շրջադարձի յերգեր, 1932 :
  • Information found: տիտղթ. (Շողենց)

670 ## - SOURCE DATA FOUND

  • Source citation: Բարի ճանապարհ, 1953 :
  • Information found: տիտղթ. (Ց. Շողենց)


ՀՀ ԳԱԱ հիմնարար գիտական գրադարան
ՀՀ,Երևան 0019
Մարշալ Բաղրամյան 24/6
հեռախոս:(374-10) 52-47-50
Հետադարձ կապ

All site content, except where otherwise noted, is licensed under a
Creative Commons License